000 01191cam a2200265 i 4500
008 170804m20179999stka bf 001 0 eng
020 _a9780702070976 (volume 1)
020 _a9780702070983 (volume 2)
020 _a9780702070990 (volume 3)
020 _a9780702071003 (volume 4)
020 _a9780702071010 (volume 5)
020 _a9780702071034 (volume 7)
020 _a9780702071041 (volume 8)
050 0 0 _aRG950
_b.B37 2017
082 0 0 _a618.2
100 1 _aBaston, Helen,
245 1 0 _aMidwifery essentials /
_cHelen Baston, BA (Hons), MMedSci, PhD, PGDipEd, ADM, RN, RM, Consultant Midwife Public Health; Sheffield Teaching Hospitals, NHS Foundation Trust, UK; Honorary Researcher/Lecturer, University of Sheffield; Honorary Lecturer, Sheffield Hallam University, UK, Jenny Hall, EdD, MSc, RN, RM, ADM, PGDip(HE), SFHEA, Senior Midwifery Lecturer, Bournemouth University, UK.
250 _aEdition 2.
260 _bElsevier Ltd
_c2019
300 _a<1-8 >volumes :
_billustrations ;
500 _aBased on Midwifery basics articles published in The practising midwife journal.
650 0 _aMidwifery
_vHandbooks, manuals, etc.
700 1 _aHall, Jenny
942 _cBK
999 _c2368
_d2368